Microsoft office step by step (Office 2021 and Microsoft 365) (Record no. 86425)

MARC details
000 -LEADER
fixed length control field 00732 a2200241 4500
003 - CONTROL NUMBER IDENTIFIER
control field CBULib
005 - DATE AND TIME OF LATEST TRANSACTION
control field 20260210084056.0
008 - FIXED-LENGTH DATA ELEMENTS--GENERAL INFORMATION
fixed length control field 251027b |||||||| |||| 00| 0 eng d
020 ## - INTERNATIONAL STANDARD BOOK NUMBER
International Standard Book Number 9780137544769
040 ## - CATALOGING SOURCE
Language of cataloging English
Transcribing agency CBULib
Description conventions rda
041 ## - LANGUAGE CODE
Language code of text/sound track or separate title eng
050 ## - LIBRARY OF CONGRESS CALL NUMBER
Classification number QA 76.76.O63 Lam
100 ## - MAIN ENTRY--PERSONAL NAME
Personal name Lambert, Joan
245 ## - TITLE STATEMENT
Title Microsoft office step by step (Office 2021 and Microsoft 365)
Statement of responsibility, etc / by Joan Lambert and Cutis Frye
260 ## - PUBLICATION, DISTRIBUTION, ETC. (IMPRINT)
Name of publisher, distributor, etc Pearson Education,
Date of publication, distribution, etc 2022
300 ## - PHYSICAL DESCRIPTION
Extent xxv, 534 pages : illustrations
336 ## - CONTENT TYPE
Source rdacontent
Content type term Text |
Content type code txt
337 ## - MEDIA TYPE
Source rdamedia
Media type term Unmediated |
Media type code n
338 ## - CARRIER TYPE
Source rdacarrier
Carrier type term Volume
Carrier type code nc
650 #0 - SUBJECT ADDED ENTRY--TOPICAL TERM
9 (RLIN) 4962
Topical term or geographic name as entry element INTEGRATED SOFTWARE
700 ## - ADDED ENTRY--PERSONAL NAME
9 (RLIN) 4963
Personal name Frye, Curtis
942 ## - ADDED ENTRY ELEMENTS (KOHA)
Source of classification or shelving scheme
Koha item type MONOGRAPH
Holdings
Withdrawn status Lost status Source of classification or shelving scheme Damaged status Not for loan Collection code Permanent Location Current Location Shelving location Date acquired Source of acquisition Cost, normal purchase price Total Checkouts Full call number Barcode Date last seen Copy number Price effective from Koha item type
          CBU-Lusaka Campus CBU- LUSAKA CAMPUS CBU- LUSAKA CAMPUS General Stacks 01/08/2026 BOOK AID INTERNATIONAL 80.00   QA 76.76.O63 Lam 753901 01/08/2026 3 11/19/2025 MONOGRAPH
          CBU-Lusaka Campus CBU- LUSAKA CAMPUS CBU- LUSAKA CAMPUS General Stacks 01/08/2026 BOOK AID INTERNATIONAL 80.00   QA 76.76.O63 Lam 753902 01/08/2026 4 11/19/2025 MONOGRAPH
          Main Library Open Access Collection CBU-MAIN LIBRARY, KITWE. CBU-MAIN LIBRARY, KITWE. General Stacks 10/27/2025 DON-BOOKAID 80.00   QA 76.76.O63 Lam 753752 10/27/2025 1 10/27/2025 MONOGRAPH
          Main Library Open Access Collection CBU-MAIN LIBRARY, KITWE. CBU-MAIN LIBRARY, KITWE. General Stacks 10/27/2025 DON-BOOKAID 80.00   QA 76.76.O63 Lam 753753 10/27/2025 2 10/27/2025 MONOGRAPH
          Michael Chilufya Sata Collection CBU-MICHAEL CHILUFYA SATA LIBRARY CBU-MICHAEL CHILUFYA SATA LIBRARY General Stacks 02/10/2026 Book Aid International 80.00   QA 76.76.O63 Lam 934291 02/10/2026 5 10/21/2025 MONOGRAPH